Management (Record no. 5147)

MARC details
000 -LEADER
fixed length control field 00498nam a2200193Ia 4500
003 - CONTROL NUMBER IDENTIFIER
control field SGT
020 ## - INTERNATIONAL STANDARD BOOK NUMBER
International Standard Book Number 9788131707043
082 ## - DEWEY DECIMAL CLASSIFICATION NUMBER
Classification number 658
Item number STO
100 ## - MAIN ENTRY--PERSONAL NAME
Personal name Stoner,James A.F
245 ## - TITLE STATEMENT
Title Management
250 ## - EDITION STATEMENT
Edition statement 6th Ed.
260 ## - PUBLICATION, DISTRIBUTION, ETC. (IMPRINT)
Name of publisher, distributor, etc Pearson
Place of publication, distribution, etc N.Delhi
Year of Publication 2008
300 ## - PAGE DESCRIPTION
No. of Pages V.P.p.
650 ## - SUBJECT ADDED ENTRY--TOPICAL TERM
Topical term or geographic name as entry element MANAGEMENT
653 ## - KEYWORDS--INDEX TERM
Keyword term INTRODUCTION TO MANAGEMENT,MANAGEMENT IN THE TWENTY-FIRST CENTURY,PLANNING,ORGANIZING,LEADING
700 ## - ADDED ENTRY--PERSONAL NAME
Personal name Freeman,R.Edward
700 ## - ADDED ENTRY--PERSONAL NAME
Personal name Gilbert,Danielb R
942 ## - ADDED ENTRY ELEMENTS (KOHA)
Source of classification or shelving scheme Dewey Decimal Classification
Koha item type Books
Holdings
Withdrawn status Lost status Source of classification or shelving scheme Damaged status Not for loan Home library Current library Date acquired SGTU Total Checkouts Full call number Accession No. (Barcode) Date last seen Bill Date Koha item type Use restrictions Shelving location
    Dewey Decimal Classification     SGT Engineering Library SGT Engineering Library 24/06/2011 SGTU   658 STO FE2892 09/02/2015 09/02/2015 Books    
    Dewey Decimal Classification     SGT Engineering Library SGT Engineering Library 24/06/2011 SGTU   658 STO FE2893 09/02/2015 09/02/2015 Books    
    Dewey Decimal Classification     SGT Engineering Library SGT Engineering Library 24/06/2011 SGTU   658 STO FE2894 09/02/2015 09/02/2015 Books    
    Dewey Decimal Classification   Not For Loan SGT Engineering Library SGT Engineering Library 24/06/2011 SGTU   658 STO FE2895 09/02/2015 09/02/2015 Books Restricted Access Reference Book
    Dewey Decimal Classification     SGT Engineering Library SGT Engineering Library 24/06/2011 SGTU   658 STO FE2896 09/02/2015 09/02/2015 Books